000 00449nam a2200169 a 4500
001 13285
003 CO-ViMGA
008 141112s2004 ck r 000 u spa d
040 _aCO-ViMGA
_bspa
_cCO-ViMGA
082 0 4 _aCh 861 C783b
100 1 _aCruchaga de Walker, ROSA
_919470
245 1 0 _aBajo la piel del Aire
260 _aSantiago de Chile :
_bEditorial Nacimiento,
_c1978
300 _a70
650 1 4 _aPOESIA CHILENA
_95643
942 _2ddc
_cBK
999 _c24033
_d24033